| 000 | 00832cam a2200265 4500 | ||
|---|---|---|---|
| 001 | 30436 | ||
| 005 | 20230410101726.0 | ||
| 008 | 700601s1970 cn 000 1 eng | ||
| 035 | _9(DLC) 73113780 | ||
| 035 | _a3616553 | ||
| 010 | _a 73113780 | ||
| 040 |
_aDLC _cDLC _dDLC |
||
| 041 | 1 | _aengfre | |
| 050 | 1 | 4 |
_a110 PQ 3949 _bT449t 1970 |
| 082 | 0 | 0 | _a843 |
| 100 | 2 |
_aThoby-Marcelin, Philippe, _d1904-1975. |
|
| 245 | 1 | 0 |
_aAll men are mad _c[by] Philippe Thoby-Marcelin and Pierre Marcelin. With an introd. by Edmund Wilson. Translated from the French by Eva Thoby-Marcelin. |
| 260 |
_aNew York, _bFarrar, Straus & Giroux _c[1970] |
||
| 300 |
_axii, 179 p. _c21 cm. |
||
| 350 | _a6.75 | ||
| 700 | 1 |
_aMarcelin, Pierre, _d1908- _ejoint author. |
|
| 700 | 1 | _aWilson, Edmund | |
| 942 |
_2lcc _cbk |
||
| 985 | _feb08 11/15/85 | ||
| 999 |
_c12866 _d12866 |
||